=LDR 00000nam 2200000 4500 =001 INLIS000000000033596 =005 20130612135536 =008 ***********************************ind** =035 ##$$0010-061300000033596 =041 ##$$a ind =082 ##$$a 729.24 =090 ##$$a 729.24, Kar d =100 ##$$a KARLEN, Mark =245 ##$$a Dasar-dasar perencanaan ruang, Mark Karlen ; alih bahasa, Dian Nostikasari =260 ##$$a 2007 $b Jakarta =300 ##$$a vi, 174 hlm, ilus, 21 cm =650 ##$$a Tata Ruang =700 ##$$a Nostikasartri, Dian =850 ##$$a NBPNMAT =990 ##$$a 14131413 =990 ##$$a 21006009